000 00427nam a2200169 i 4500
001 85658
003 ES-MaACL
005 20230906175259.0
007 t|
008 041130s1969 sp ||||1| spa d
100 1 _aJunceda, Luis.
_967272
245 1 3 _aEl oro y el moro /
_cLuis Junceda.
250 _a1ยช ed.
260 _aBarcelona :
_bMarte,
_c1969.
300 _a223 p. ;
_c21 cm.
852 _aES-MaACL
_jC-38709
_bR.72164
999 _c85658
_d85658